000 00478nam a2200169 i 4500
001 bgj
245 1 0 _aDuitse kroniek.
_cRedactieraad: J. M. M. Aler [et al.].
_n3/1984,
_pDeutsche Lyrik Heute /
260 _aAmsterdam ;
_aAtlanta GA :
_bRodopi,
_c1984.
300 _a51 s. ;
_bil. ;
_c22 cm.
650 9 _aLiteratura niemiecka
700 1 _aALER, J. M. M.
040 _cBPK
041 0 _ager
080 _a821.112.2
942 _cKS
008 s gw f |000 0 ger
999 _c49953
_d49953
856 _uhttp://koha.tu.koszalin.pl/cgi-bin/koha/opac-detail.pl?biblionumber=49953
_yKatalog online BPK